00917nam a2200193Ia 4500001002100000003001000021008004100031040002500072041000700097100001900104240005200123245015100175250001100326260006800337300001200405500027800417650001700695700001100712c29/1/2-25784 [4801]IT-MiCISF161014s9999||||xx |||||||||||||| ||und|| aIT-MiCISFcIT-MiCISF afr aVolcher Robert aL'évaluation du célibat comme état de vie 0aL'évaluation du célibat comme état de viebActes du XIIIème colloque international de sexologie, Louvain, 21, 22 et 23 mai 1971 (2 volumi) a1a ed. a Leuven (Belgique)bCentre international cardinal Suenensc1971 app. 214 aMc Donagh E., Simon R., Roosens R., Rigaux B., Vandermeersch F., Gryson R., Beemer T., Delhaye P., Depreux J.C. et Th., Van Habost J.M., Aubert J.M., Manning F.V. / sessualità, celibato, rapporti-interpersonali, antropologia, religione, verginità, chiesa, matrimonio /  asessualità aAA.VV.